Huyan dan Mimpy / (No. rekod 1838)
[ format kosong ]
| 000 -LEADER | |
|---|---|
| fixed length control field | 01457nam a2200217 a 4500 |
| 003 - CONTROL NUMBER IDENTIFIER | |
| control field | KPN |
| 005 - DATE AND TIME OF LATEST TRANSACTION | |
| control field | 20260428171930.0 |
| 008 - FIXED-LENGTH DATA ELEMENTS--GENERAL INFORMATION | |
| fixed length control field | 20260428b 00| 0 my d |
| 020 ## - INTERNATIONAL STANDARD BOOK NUMBER | |
| International Standard Book Number | 9789674080211 |
| Terms of availability | RM17.00 |
| Qualifying information | paperback |
| 040 ## - CATALOGING SOURCE | |
| Transcribing agency | KPN |
| 082 04 - DEWEY DECIMAL CLASSIFICATION NUMBER | |
| Classification number | BM FK NIP 2011 |
| Edition number | 23 |
| 090 00 - LOCALLY ASSIGNED LC-TYPE CALL NUMBER (OCLC); LOCAL CALL NUMBER (RLIN) | |
| Classification number (OCLC) (R) ; Classification number, CALL (RLIN) (NR) | BM FK NIP 2011 |
| Local cutter number (OCLC) ; Book number/undivided call number, CALL (RLIN) | NIP |
| 100 0# - MAIN ENTRY--PERSONAL NAME | |
| Personal name | Nippan |
| 245 10 - TITLE STATEMENT | |
| Title | Huyan dan Mimpy / |
| Statement of responsibility, etc. | Nippan ; [penterjemah: Iskandar Syah Ismail] |
| 260 ## - PUBLICATION, DISTRIBUTION, ETC. | |
| Place of publication, distribution, etc. | Batu Caves, Selangor : |
| Name of publisher, distributor, etc. | PTS Litera Utama, |
| Date of publication, distribution, etc. | 2011 |
| 300 ## - PHYSICAL DESCRIPTION | |
| Extent | xiv, 305ms. ; |
| Dimensions | 19 cm. |
| 521 ## - TARGET AUDIENCE NOTE | |
| Target audience note | Huyan tidak mempunyai mimpi yang besar. Huyan hanya mahu memastikan dia dapat meneruskan tanggungjawab menyara keluarganya dan menyekolahkan dua orang adiknya, selepas sang ayah ditimpa kemalangan. Daripada bergelar pelajar sekolah, Huyan menjadi penjual aiskrim dan keperluan hidup yang mendesak saban hari, memaksa Huyan terjerumus ke kancah penyeludupan beras di sempadan Thailand-Malaysia. Kematian tragik rakannya yang tergelincir dari bumbung kereta api ketika menyeludup, menyebabkan Huyan mulai memikirkan masa depan dirinya dan keluarganya. Mimpy yang selalu setia berkongsi kisah dan harapan mencadangkan agar Huyan mengusahakan kebun bunga. Siapakah Mimpy dalam hidup Huyan? Adakah cadangan mengusahakan kebun bunga itu diterima oleh Huyan? Inilah kisah remaja cekal dan bertanggungjawab yang mengajarkan kita erti sebuah kehidupan. |
| 650 10 - SUBJECT ADDED ENTRY--TOPICAL TERM | |
| Topical term or geographic name entry element | Thai fiction |
| Form subdivision | Translations into Malay |
| 700 0# - ADDED ENTRY--PERSONAL NAME | |
| Personal name | Iskandar Syah Ismail |
| 942 ## - ADDED ENTRY ELEMENTS (KOHA) | |
| Source of classification or shelving scheme | |
| Koha item type | Book |
| Suppress in OPAC | No |
| Withdrawn status | Lost status | Source of classification or shelving scheme | Damaged status | Not for loan | Collection code | Home library | Current library | Shelving location | Date acquired | Total Checkouts | Full call number | Barcode | Date last seen | Price effective from | Koha item type |
|---|---|---|---|---|---|---|---|---|---|---|---|---|---|---|---|
| Fiction | Perpustakaan Kementerian Perpaduan Malaysia | Perpustakaan Kementerian Perpaduan Malaysia | Children Fiction Rack | 28/04/2026 | BM FK NIP 2011 | KPN26040071 | 28/04/2026 | 28/04/2026 | Book |